|
|
|
|
| LEADER |
00000nam a2200000 i 4500 |
| 001 |
1/72023 |
| 008 |
990312s1997 eng d |
| 020 |
|
|
|a 0-471-14766-4
|
| 035 |
|
|
|l 10048464
|
| 040 |
|
|
|a GR-MY-UA
|b gre
|e aacr
|
| 041 |
0 |
|
|a eng
|
| 082 |
0 |
|
|a 511.322
|
| 245 |
1 |
0 |
|a Fuzzy information engineering :
|b a guided tour of applications /
|c edited by Didier Dubois, Henri Prade, and Ronald R. Yager
|
| 260 |
|
|
|a New York :
|b Wiley,
|c 1997
|
| 300 |
|
|
|a viii, 712 p.;
|b ill.;
|c 24 cm.
|
| 500 |
|
|
|a Includes bibliographical references and index
|
| 650 |
0 |
0 |
|a Information technology.
|
| 650 |
0 |
0 |
|a Fuzzy sets.
|
| 700 |
1 |
|
|a Dubois, Didier.
|4 edt
|
| 700 |
1 |
|
|a Prade, Henri M.
|4 edt
|
| 700 |
1 |
|
|a Yager, Ronald R.
|d 1941-
|4 edt
|
| 852 |
|
|
|a INST
|b SAMOS
|e 19990312
|h 511.322 FUZ
|p 005300013222
|q 005300013222
|t BK
|y 0
|
| 901 |
|
|
|a BIBL-1999-1
|
| 909 |
|
|
|a Σ
|b 063096
|
| 922 |
|
|
|a 3ΕΛΗ
|b 199901
|c ΕΠΕΑΕΚ/ΜΑΘ
|d GLORY
|